000 00736nas a2200229 4500
001 BR0901423
003 BR-BrBNA
005 20231205113215.0
007 ta
008 230509b bl.|||p| |||| 00| 00por d
040 _aBR-BrBNA
_bpor
_cBiblioteca Nacional de Agricultura
041 _a(Pt)
072 _aM12
100 1 _aDucatti, C.
111 1 _a44. Reunião Anual da Sociedade Brasileira de Zootecnia
_cJaboticabal, SP (Brazil)
245 1 _aAplicação dos isótopos estavéis em aquicultura
650 _aAQUICULTURA
650 _aISÓTOPO
773 0 _tRevista Brasileira de Zootecnia (Brazil)
_xISSN 1516-3598
_g(Jul 2007), v. 36 p. 01-10
_wBR0901423
909 _a202311
_bLúcia
_c55
_dLúcia Elande
942 _2AGRIS
_n0
_cANA
999 _c202464
_d202464